Enfoque estratégico centroamericano sobre reconstrucción y transformación desde la sociedad civil organizada nacional y regionalmente: reconstrucción y desarrollo de Centroamérica post Mitch

Guardado en:
Bibliografiske detaljer
Institution som forfatter: Coordinadora Regional de Investigaciones Económicas y Sociales
Format: Ukendt
Udgivet: Managua: CRIES
Fag:
Tags: Tilføj Tag
Ingen Tags, Vær først til at tagge denne postø!

MARC

LEADER 00000 a2200000 04500
001 18503
003
008 991231s d
040
090 |a 143406  
110 |a Coordinadora Regional de Investigaciones Económicas y Sociales  
245 |a Enfoque estratégico centroamericano sobre reconstrucción y transformación desde la sociedad civil organizada nacional y regionalmente: reconstrucción y desarrollo de Centroamérica post Mitch  
260 |a Managua:   |b CRIES  
650 |a DESARROLLO ECONOMICO Y SOCIAL  
650 |a SALUD  
650 |a DESASTRES NATURALES  
650 |a TORMENTAS  
999 |c 11192  |d 11192